Píseň o pevnině /
Svět je rozdělen na skupinky nepřátel. Moře stráží bytosti, které lákají lodě do záhuby, lidé strádají pod jhem nedobrého vládce a sirény se snaží ubránit svůj oceán. Fantasy román české autorky.
Uloženo v:
| Hlavní autor: | |
|---|---|
| Médium: | Kniha |
| Jazyk: | Czech |
| Vydáno: |
Praha :
Euromedia Group,
2026
|
| Vydání: | Vydání první |
| Témata: | |
| Celkem bylo vypůjčeno: | 0x |
| Tagy: |
Žádné tagy |
| LEADER | 01791nam a2200385 i 4500 | ||
|---|---|---|---|
| 001 | 106705 | ||
| 003 | CZ PrNK | ||
| 005 | 20260701133701.0 | ||
| 007 | ta | ||
| 008 | 260514s2026 xr a g 000 f cze | ||
| 015 | |a cnb003750345 | ||
| 020 | |a 9788028412944 |q (brožováno) | ||
| 040 | |a ABG001 |b cze |d BOA001 |e rda | ||
| 072 | 7 | |a 821.162.3-3 |x Česká próza |2 Konspekt |9 25 | |
| 080 | |a 821.162.3-31 |2 MRF | ||
| 080 | |a (0:82-312.9) |2 MRF | ||
| 100 | 1 | |a Votroubková, Petra |7 hka2018977770 |4 aut |9 117553 | |
| 245 | 1 | 0 | |a Píseň o pevnině / |c Petra Votroubková |
| 250 | |a Vydání první | ||
| 264 | 1 | |a Praha : |b Euromedia Group, |c 2026 | |
| 300 | |a 287 stran : |b ilustrace ; |c 20 cm | ||
| 336 | |a text |b txt |2 rdacontent | ||
| 337 | |a bez média |b n |2 rdamedia | ||
| 338 | |a svazek |b nc |2 rdacarrier | ||
| 500 | |a Na obálce uvedeno nakladatelství: Laser | ||
| 520 | 2 | |a Svět je rozdělen na skupinky nepřátel. Moře stráží bytosti, které lákají lodě do záhuby, lidé strádají pod jhem nedobrého vládce a sirény se snaží ubránit svůj oceán. Fantasy román české autorky. |b Farrah bojuje za svobodu. Harry se snaží lidstvu přinést nový, lepší zdroj energie. Sirény brání své moře před lidskou expanzí. A všichni se vlastně jen snaží přežít ve složitém, neustále se měnícím světě. Nakladatelská anotace. | |
| 655 | 7 | |a české romány |7 fd133974 |2 czenas |9 54031 | |
| 655 | 7 | |a fantasy romány |7 fd184199 |2 czenas |9 54250 | |
| 655 | 9 | |a Czech fiction |2 eczenas | |
| 655 | 9 | |a fantasy novels |2 eczenas | |
| 710 | 2 | |a Laser (nakladatelství) |7 ko2004236139 |4 pbl | |
| 910 | |a UOG502 | ||
| 942 | |2 ddc |c KN | ||
| 999 | |d 106705 | ||
| 993 | |0 0 |1 421180107433 |2 ddc |4 0 |7 0 |9 100211 |b 0 |c 107433 |d 2026-07-01 |e 0 |f DOSP |h 399.00 |i Koupě |l DOSP |r 2026-07-02 |t 6 |w 2026-07-01 |y KN |z SFF |n | ||